Les Corons - Karaoké - Statistiques

Statistiques générales
  • Ce quiz a été pris 89 fois
  • Le résultat moyen est 120 sur 248
Réponses sur la Carte
Les réponses sont colorées sur une échelle allant du rouge au vert en fonction du pourcentage des utilisateurs qui les ont devinées à leur premier essai. Vous pouvez retrouver ces pourcentages ci-dessous.
 
Statistiques - réponses
VERS Mot % Correct
Vers 1 Nos
98%
Vers 1 fenetres
96%
Vers 1 des
92%
Vers 1 donnaient
92%
Vers 2 Et
92%
Vers 2 la
92%
Vers 1 sur
92%
Vers 1 semblables
90%
Vers 1 fenetres
88%
Vers 2 cartable
86%
Vers 2 mon
86%
Vers 2 mouillait
86%
Vers 2 pluie
86%
Vers 3 avait
65%
Vers 4 bleu
65%
Vers 3 bleus
65%
Vers 4 ciel
65%
Vers 3 en
65%
Vers 4 le
65%
Vers 3 les
65%
Vers 3 mon
65%
Vers 3 pere
65%
Vers 4 Que
65%
Vers 3 rentrant
65%
Vers 3 si
65%
Vers 4 voir
65%
Vers 3 yeux
65%
Vers 4 croyais
63%
Vers 4 je
63%
Vers 5 J'apprenais
59%
Vers 5 joue
59%
Vers 5 la
59%
Vers 5 lecons,
59%
Vers 5 mes
59%
Vers 9 Au
57%
Vers 5 bras
57%
Vers 8 ce
57%
Vers 9 c'etait
57%
Vers 10 c'etait
57%
Vers 11 c'etait
57%
Vers 7 ceux
57%
Vers 10 charbon
57%
Vers 11 ciel,
57%
Vers 7 comme
57%
Vers 5 contre
57%
Vers 9 corons
57%
Vers 6 crois
57%
Vers 6 de
57%
Vers 12 de
57%
Vers 12 des
57%
Vers 8 dois
57%
Vers 7 du
57%
Vers 8 Et
57%
Vers 6 etait
57%
Vers 7 etait
57%
Vers 6 fier
57%
Vers 12 fond
57%
Vers 7 genereux
57%
Vers 12 hommes,
57%
Vers 7 Il
57%
Vers 6 Je
57%
Vers 8 je
57%
Vers 8 je
57%
Vers 10 La
57%
Vers 10 le
57%
Vers 11 Le
57%
Vers 9 les
57%
Vers 12 Les
57%
Vers 11 l'horizon
57%
Vers 8 lui
57%
Vers 3 Mais
57%
Vers 12 mineurs
57%
Vers 6 moi
57%
Vers 9 Nord,
57%
Vers 7 pays
57%
Vers 8 que
57%
Vers 6 qu'il
57%
Vers 5 son
57%
Vers 8 suis
57%
Vers 10 terre,
57%
Vers 13 Et
55%
Vers 13 c'etait
53%
Vers 13 mon
53%
Vers 14 buee
51%
Vers 13 elle
51%
Vers 13 enfance,
51%
Vers 13 et
51%
Vers 13 etait
51%
Vers 13 heureuse
51%
Vers 14 Dans
49%
Vers 14 des
49%
Vers 15 Et
49%
Vers 14 la
49%
Vers 14 lessiveuses
49%
Vers 15 j'avais
47%
Vers 15 les
47%
Vers 15 a
45%
Vers 21 Au
45%
Vers 18 avait
45%
Vers 18 blancs
45%
Vers 16 campagne
45%
Vers 21 c'etait
45%
Vers 22 c'etait
45%
Vers 23 c'etait
45%
Vers 22 charbon
45%
Vers 18 cheveux
45%
Vers 23 ciel,
45%
Vers 17 comme
45%
Vers 19 comme
45%
Vers 21 corons
45%
Vers 15 de
45%
Vers 19 de
45%
Vers 24 de
45%
Vers 15 defaut
45%
Vers 16 D'en
45%
Vers 18 des
45%
Vers 24 des
45%
Vers 19 d'un
45%
Vers 19 est
45%
Vers 19 etaient
45%
Vers 17 etait
45%
Vers 24 fond
45%
Vers 19 fosse
45%
Vers 17 gueule
45%
Vers 16 haut,
45%
Vers 24 hommes,
45%
Vers 19 Ils
45%
Vers 16 je
45%
Vers 16 la
45%
Vers 19 la
45%
Vers 22 La
45%
Vers 22 le
45%
Vers 23 Le
45%
Vers 21 les
45%
Vers 24 Les
45%
Vers 17 l'etaient
45%
Vers 23 l'horizon
45%
Vers 18 Ma
45%
Vers 18 mere
45%
Vers 24 mineurs
45%
Vers 17 Mon
45%
Vers 15 montagne
45%
Vers 17 noire,
45%
Vers 21 Nord,
45%
Vers 19 on
45%
Vers 17 parents
45%
Vers 19 pays
45%
Vers 17 pere
45%
Vers 17 ses
45%
Vers 22 terre,
45%
Vers 15 terrils
45%
Vers 16 voyais
45%
Vers 20 a
43%
Vers 20 eux,
43%
Vers 20 Grace
43%
Vers 20 je
43%
Vers 20 je
43%
Vers 20 qui
43%
Vers 20 sais
43%
Vers 20 suis
43%
Vers 25 a
41%
Vers 27 chaque
41%
Vers 25 de
41%
Vers 26 de
41%
Vers 27 de
41%
Vers 28 de
41%
Vers 29 de
41%
Vers 29 des
41%
Vers 27 diamant
41%
Vers 27 Et
41%
Vers 29 et
41%
Vers 27 etait
41%
Vers 28 fond
41%
Vers 29 Ils
41%
Vers 26 Jaures
41%
Vers 26 Jean
41%
Vers 25 jour
41%
Vers 25 kermesse
41%
Vers 25 la
41%
Vers 25 la
41%
Vers 25 le
41%
Vers 25 mairie,
41%
Vers 29 parlaient
41%
Vers 26 photo
41%
Vers 28 Pose
41%
Vers 27 rose
41%
Vers 28 silicose
41%
Vers 28 sur
41%
Vers 27 un
41%
Vers 26 Une
41%
Vers 27 verre
41%
Vers 27 vin
41%
Vers 25 Y'avait
41%
Vers 29 36
39%
Vers 29 coups
39%
Vers 29 de
39%
Vers 29 grisou
39%
Vers 30 accidents
37%
Vers 30 Des
37%
Vers 30 du
37%
Vers 30 du
37%
Vers 30 fond
37%
Vers 30 trou
37%
Vers 33 Au
35%
Vers 33 c'etait
35%
Vers 34 c'etait
35%
Vers 35 c'etait
35%
Vers 37 c'etait
35%
Vers 34 charbon
35%
Vers 35 ciel,
35%
Vers 37 ciel,
35%
Vers 33 corons
35%
Vers 36 de
35%
Vers 38 de
35%
Vers 36 des
35%
Vers 38 des
35%
Vers 36 fond
35%
Vers 38 fond
35%
Vers 36 hommes,
35%
Vers 38 hommes,
35%
Vers 34 La
35%
Vers 34 le
35%
Vers 35 Le
35%
Vers 37 Le
35%
Vers 33 les
35%
Vers 36 Les
35%
Vers 38 Les
35%
Vers 35 l'horizon
35%
Vers 37 l'horizon
35%
Vers 36 mineurs
35%
Vers 38 mineurs
35%
Vers 33 Nord,
35%
Vers 34 terre,
35%
Vers 32 avec
33%
Vers 32 C'est
33%
Vers 32 compris
33%
Vers 32 eux
33%
Vers 31 Ils
33%
Vers 32 j'ai
33%
Vers 32 que
33%
Vers 31 aimaient
31%
Vers 31 aime
31%
Vers 31 comme
31%
Vers 31 leur
31%
Vers 31 metier
31%
Vers 31 on
31%
Vers 31 pays
31%
Vers 31 un
31%
Aucun quiz correspondant
Distribution des résultats
% des personnes avec chaque résultat
Percentile par nombre de réponses
Votre historique - résultats
Vous n’avez pas pris ce quiz